| 000 | 01513 a2200289 4500 | ||
|---|---|---|---|
| 003 | Nust | ||
| 005 | 20170207154015.0 | ||
| 010 | _a 2007049892 | ||
| 020 | _a1420053655 (hardback : alk. paper) | ||
| 020 | _a9781420053654 (hardback : alk. paper) | ||
| 035 | _a(OCoLC)183148734 | ||
| 035 | _a(OCoLC)ocn183148734 | ||
| 040 | _cNust | ||
| 082 | 0 | 0 | _a681.25 |
| 245 | 0 | 0 |
_aFiber optic sensors (E-BOOK) _cedited by Shizhuo Yin, Paul B. Ruffin, Francis T.S. Yu. |
| 250 | _a2nd ed. | ||
| 260 |
_aBoca Raton, FL : _bCRC Press, _cc2008. |
||
| 300 |
_axiii, 477 p. : _bill. ; _c25 cm. |
||
| 490 | 1 |
_aOptical science and engineering ; _v132 |
|
| 505 | _a1 Overview Of Fiber Optic Sensors 1-2 Fiber Optic Sensors Based Upon The Fabry–Perot Interferometer 35-3 Polarimetric Optical Fiber Sensors . 65-4 In-Fiber Grating Optic Sensors 109-5-Femtosecond Laser-Inscribed Harsh Environment Fiber Bragg Grating Sensors 163-6 Fiber Specklegram Sensors . 201-7 Interrogation Techniques For Fiber Grating Sensors And The Theory Of Fiber Gratings 253-8 Fiber Optic Gyroscope Sensors. 333-9 Optical Fiber Hydrophone Systems 367-10 Applications Of Fiber Optic Sensors 397-11 Fiber Optic Bio And Chemical Sensors . 435 | ||
| 650 | 0 | _aOptical fiber detectors. | |
| 700 | 1 | _aRuffin, Paul B. | |
| 700 | 1 |
_aYin, Shizhuo, _d1963- |
|
| 700 | 1 |
_aYu, Francis T. S., _d1932- |
|
| 830 | 0 | _aOptical science and engineering (Boca Raton, Fla.) ; | |
| 856 | 4 | 1 |
_3Table of contents only _uhttp://www.loc.gov/catdir/toc/ecip086/2007049892.html |
| 942 |
_2ddc _cBK |
||
| 999 |
_c191381 _d191381 |
||